Tareekh e islam (part 3) (Record no. 11709)
[ view plain ]
| 000 -LEADER | |
|---|---|
| fixed length control field | 00317nam a22001337a 4500 |
| 082 ## - DEWEY DECIMAL CLASSIFICATION NUMBER | |
| Classification number | 297.09 AKB |
| 100 ## - MAIN ENTRY--PERSONAL NAME | |
| Personal name | Akbar Shah Khan |
| 245 ## - TITLE STATEMENT | |
| Title | Tareekh e islam (part 3) |
| 260 ## - PUBLICATION, DISTRIBUTION, ETC. | |
| Place of publication, distribution, etc. | Lahore |
| Name of publisher, distributor, etc. | Islami kutab khana |
| 300 ## - PHYSICAL DESCRIPTION | |
| Extent | 477p. : |
| Accompanying material | 20 cm |
| 650 ## - SUBJECT ADDED ENTRY--TOPICAL TERM | |
| Topical term or geographic name entry element | Islamic fundamentalism |
| 700 ## - ADDED ENTRY--PERSONAL NAME | |
| Personal name | Akbar Shah Khan |
| 942 ## - ADDED ENTRY ELEMENTS (KOHA) | |
| Koha item type | Book |
| Withdrawn status | Lost status | Damaged status | Not for loan | Collection code | Permanent Location | Current Location | Shelving location | Date acquired | Source of acquisition | Cost, normal purchase price | Total Checkouts | Total Renewals | Full call number | Barcode | Date last seen | Date last checked out | Price effective from | Koha item type |
|---|---|---|---|---|---|---|---|---|---|---|---|---|---|---|---|---|---|---|
| NUST Law School (NLS) | NUST Law School (NLS) | First Floor - Islam | 04/09/2013 | Allied Book Company | 266.66 | 8 | 7 | 297.09 AKB | SEECS012271 | 10/16/2022 | 07/22/2022 | 04/15/2013 | Book |
